LEADER 01120nam a2200241 i 4500 001 000000162066 003 CaOOAMICUS 005 20080201000000.0 008 080201s1961 it u000 u ita u 013 $a139430 040 $aSeMil$bita 100 1 $aI.C.E. .$0(OLS)http://semarc/name/42847 245 10$aPluralismo scolastico :$bdocumenti e studi /$cI. C. E. 260 $a[S.l. :$bs.n.],$c[1961] 300 $a132 p. ;$c25 cm. 500 $aFrontespizio mancante. - Dati ricavati dalla copertina. - A pič della copertina : Supplemento n. 3 (1961) di "Problemi Educativi". - In allegato : Precisazioni dell'Istituto Cattolico per l'Educazione. - Fondo Card. Giovanni Colombo. 650 4$aPluralismo scolastico.$0(OLS)http://semarc/subject/17736 850 $aSeMil 852 $aSeMil$W1$xVenegono$y1$m2Q V 39$j113443$B113443$CSeMilBibl$Z2$F131365 $81 941 1 $a3 961 $aLascito: Colombo Card. Giovanni 996 $6245$aPluralismo scolastico :$bdocumenti e studi$9(OLS)http://semarc/title/145558 996 $6260$a[S.l. :$bs.n.]$9(OLS)http://semarc/publisher/29751 LEADER 01236nam a2200229 4500 001 000000339796 003 CaOOAMICUS 005 20200311145037.0 008 200311s1795 it 000 u ita r 026 $asin- o.r- o.u- chal (3) 1795 (A) 040 $aSeMil$bita 100 11$aCastelli, Carlo,$d.$0(OLS)http://semarc/name/110369 245 02$aL'arte di filare la seta a freddo ossia senza fuoco sotto le bacine delle filatrici e vantaggi, che da essa risultano, comprovati dalle sperienze ... Del proposto Carlo Castelli ... 264 1$aMilano :$bPresso Giuseppe Galeazzi,$c1795. 300 $aXII, 116 p., [2] carte di tav. ripieg. :$bill. ;$c8° 500 $aSegn.: *6 A-F8 G10 650 4$aSeta - Lavorazione.$0(OLS)http://semarc/subject/46222 850 $aSeMil 852 $aSeMil$W1$xVenegono$y1$m3XA II 20 FA$j219240$B230979$CSeMilBibl$Z2$F230979 $8I 996 $6245$aL'arte di filare la seta a freddo ossia senza fuoco sotto le bacine delle filatrici e vantaggi, che da essa risultano, comprovati dalle sperienze ... Del proposto Carlo Castelli ...$9(OLS)http://semarc/title/428732 996 $6264$aMilano :$bPresso Giuseppe Galeazzi$9(OLS)http://semarc/publisher/33778